000 00543cam a22002291 4500
001 sa 65009681
003 DLC
005 20260227112203.0
008 941020s1963 ii a 000 0 beno
010 _asa 65009681
025 _aPL480:EP-B-871
035 _a(OCoLC)31322420
040 _aDLC
_cCU
_dCU
_dDLC
042 _apremarc
050 0 0 _aHQ56
_b.J32
100 0 _aJaimuddin.
245 1 0 _aYaubane cāẏa ki.
260 _c[1963]
300 _a5, 253 p.
_billus.
_c19 cm.
500 _aIn Bengali.
650 0 _aSex instruction.
999 _c66351
_d66351